Sports Quiz

Random Sports or Cricket Quiz
Score 0/93 Timer 15:00
1 Play Today
Statistic Player % Correct
Most RunsSachin Tendulkar
99.2%
Highest InningsSachin Tendulkar
99.2%
Most TestsSachin Tendulkar
99.2%
Most RunsRahul Dravid
98.8%
Highest Batting Average (min 500 runs)Rahul Dravid
98.8%
Highest InningsRahul Dravid
98.8%
Most catches (non-WK)Rahul Dravid
98.8%
Most TestsRahul Dravid
98.8%
Most RunsVirender Sehwag
95.9%
Most Dismissals by WKMS Dhoni
95.9%
Most catches (non-WK)Virender Sehwag
95.9%
Most RunsBrendon McCullum
95%
Highest Batting Average (min 500 runs)Brendon McCullum
95%
Highest InningsBrendon McCullum
95%
Highest InningsBrendon McCullum
95%
Highest InningsBrendon McCullum
95%
Most RunsRoss Taylor
93.6%
Most catches (non-WK)Ross Taylor
93.6%
Most TestsRoss Taylor
93.6%
Most catches (non-WK)Stephen Fleming
92.9%
Most TestsStephen Fleming
92.9%
Most WicketsHarbhajan Singh
91.3%
Most TestsHarbhajan Singh
91.3%
Most RunsVVS Laxman
90.5%
Highest Batting Average (min 500 runs)VVS Laxman
90.1%
Most WicketsAnil Kumble
88.4%
Most WicketsZaheer Khan
88%
Most TestsZaheer Khan
88%
Most WicketsRichard Hadlee
86.7%
Best Innings BowlingRichard Hadlee
86.7%
Best Innings BowlingRavi Ashwin
86.7%
Statistic Player % Correct
Best Innings BowlingRavi Ashwin
86.7%
Most TestsRichard Hadlee
86.7%
Most WicketsDaniel Vettori
86.3%
Best Bowling Average (min 20 wkts)Dayle Hadlee
86.3%
Most TestsDaniel Vettori
86.3%
Most WicketsRavi Ashwin
84.8%
Best Bowling Average (min 20 wkts)Ravi Ashwin
84.8%
Most RunsMohammad Azharuddin
83%
Highest Batting Average (min 500 runs)Mohammad Azharuddin
83%
Most WicketsBishan Bedi
81.3%
Best Bowling Average (min 20 wkts)Bishan Bedi
81.3%
Most WicketsTim Southee
76.8%
Most catches (non-WK)Virat Kohli
76.6%
Best Innings BowlingTim Southee
75.9%
Most Dismissals by WKBJ Watling
75.4%
Most catches (non-WK)Sunil Gavaskar
73.4%
Most Dismissals by WKAdam Parore
72.2%
Best Bowling Average (min 20 wkts)Lance Cairns
69.7%
Most catches (non-WK)Nathan Astle
69.3%
Most RunsJohn Wright
68.5%
Highest Batting Average (min 500 runs)John Wright
68.5%
Most Dismissals by WKNayan Mongia
66.4%
Most Dismissals by WKKiran More
63.9%
Most Dismissals by WKIan Smith
62.7%
Most WicketsErapalli Prasanna
61.4%
Best Bowling Average (min 20 wkts)Erapalli Prasanna
61.4%
Best Innings BowlingErapalli Prasanna
61.4%
Highest Batting Average (min 500 runs)Vinoo Mankad
61%
Highest InningsVinoo Mankad
61%
Highest InningsVinoo Mankad
61%
Most Dismissals by WKSyed Kirmani
61%
Statistic Player % Correct
Most WicketsSrinivas Venkataraghavan
58.1%
Best Bowling Average (min 20 wkts)Srinivas Venkataraghavan
58.1%
Best Innings BowlingSrinivas Venkataraghavan
58.1%
Most catches (non-WK)Srinivas Venkataraghavan
58.1%
Most catches (non-WK)Dilip Vengsarkar
56%
Best Bowling Average (min 20 wkts)Ravi Shastri
53.1%
Most catches (non-WK)Glenn Turner
52.7%
Most Dismissals by WKFarokh Engineer
49.4%
Highest Batting Average (min 500 runs)Jesse Ryder
43.2%
Highest Batting Average (min 500 runs)Craig McMillan
40.9%
Best Bowling Average (min 20 wkts)Daryl Tuffey
40.2%
Best Bowling Average (min 20 wkts)Subhash Gupte
39%
Best Innings BowlingSubhash Gupte
39%
Best Innings BowlingSimon Doull
38.6%
Highest Batting Average (min 500 runs)Vijay Manjrekar
38.2%
Highest InningsPolly Umrigar
37.3%
Most catches (non-WK)Bevan Congdon
36.1%
Most TestsBevan Congdon
36.1%
Best Innings BowlingDion Nash
35.7%
Most RunsBert Sutcliffe
34.9%
Highest Batting Average (min 500 runs)Bert Sutcliffe
34.9%
Highest InningsBert Sutcliffe
34.9%
Most RunsGraham Dowling
19.9%
Highest InningsGraham Dowling
19.9%
Most Dismissals by WKKen Wadsworth
19.9%
Most catches (non-WK)Ajit Wadekar
19.5%
Most Dismissals by WKRobbie Hart
18.7%
Best Bowling Average (min 20 wkts)Arshad Ayub
12%
Most TestsMark Burgess
10.8%
Most catches (non-WK)Bruce Murray
4.6%
Best Innings BowlingGary Bartlett
3.7%
Remove Ads.
Support Sporcle.
Get the best of Sporcle when you Go Orange. This ad-free experience offers more features, more stats, and more fun while also helping to support Sporcle. Thank you for becoming a member.

You're not logged in!

Compare scores with friends on all Sporcle quizzes.
OR
Log In

Show Comments

Extras

Top Quizzes Today


Score Distribution

Your Account Isn't Verified!

In order to create a playlist on Sporcle, you need to verify the email address you used during registration. Go to your Sporcle Settings to finish the process.

Report this User

Report this user for behavior that violates our Community Guidelines.

Details: